| 000 | 00661nam a22002177a 4500 | ||
|---|---|---|---|
| 003 | SISC | ||
| 005 | 20160203153017.0 | ||
| 008 | 130902t xxu||||| |||| 00| 0 eng d | ||
| 020 | _a0745157159 | ||
| 050 |
_aTA 645 _b.M478 1992 |
||
| 082 |
_aHS 624 _bC813 1992 |
||
| 100 |
_aMcCormick, Sharon _916230 |
||
| 245 |
_aStructures / _cSharon Mc Cormick. |
||
| 260 |
_aBath, Avon : _bCherrytree press Ltd, _cc1992. |
||
| 300 |
_a48 p. : _bill. ; _c25 cm. |
||
| 651 |
_aStructures _x--Juvenile literature _916231 |
||
| 651 |
_aBridges _x--Structure- _x-Juvenile literature _916232 |
||
| 651 |
_aHouse Structure _916233 |
||
| 942 |
_2lcc _cBK |
||
| 999 |
_c10205 _d10205 |
||